000
00230nam a2200097Ia 4500
008
240625s9999 xx 000 0 und d
041
_a
eng
100
_a
KOTHARI RAJESH
245
_a
CONTEMPORARY FINANCIAL MANAGEMENT
260
_c
2005
999
_c
38198
_d
38198